Ecomanagement : the Elmwood guide to ecological auditing sustainable business

Αποθηκεύτηκε σε:
Λεπτομέρειες βιβλιογραφικής εγγραφής
Κύριος συγγραφέας: Callenbach, Ernest
Μορφή: Βιβλίο
Γλώσσα:English
Δημοσίευση: San Francisco : Berrett-Koehler, 1993
Θέματα:
Ετικέτες: Προσθήκη ετικέτας
Δεν υπάρχουν, Καταχωρήστε ετικέτα πρώτοι!

MARC

LEADER 00000nam a2200000 i 4500
001 1/10041
008 000829s1993 eng d
020 |a 1-881052-27-3 
035 |l 10063286 
040 |a GR-MY-UA  |b gre  |e aacr 
041 0 |a eng 
082 0 |a 658.408 
100 1 |a Callenbach, Ernest. 
245 1 0 |a Ecomanagement :  |b the Elmwood guide to ecological auditing sustainable business /  |c Ernest Callenbach ...[et. al.] 
260 |a San Francisco :   |b Berrett-Koehler,   |c 1993 
300 |a 188 p. 
504 |a Includes bibliographical references and index 
650 0 0 |a Industrial management  |x Environmental aspects. 
650 0 0 |a Environmental auditing. 
852 |a INST  |b LESVOS  |e 20000829  |h 658.408 ECO  |p 005100025411  |q 005100025411  |t BK  |y 0 
901 |a BIBL1-2000-2 
909 |a Λ  |b 080875 
922 |a 1ΕΛΗ  |b 200008  |c ΚΠΣ/ΠΜΣ  |d ΠΑΠΑΣΩΤΗΡΙΟΥ 
950 |a 157-1999-10-15 
970 |a ΜΟΥΣΤΑΚΑ  |b ΠΗΝΕΛΟΠΗ  |z 2000/08/29